Chuyện làng cổ
Giới thiệu khái quát về truyền thống văn thơ ở làng cổ Bình Thủy - Long Tuyền - Cần Thơ. Quá trình ra đời và hoạt động của Hưng cổ Văn Đoàn Tây Đô. Một số sáng tác của các nhà thơ tiêu biểu trong hội...
Wedi'i Gadw mewn:
| Prif Awdur: | |
|---|---|
| Fformat: | Llyfr |
| Iaith: | Undetermined |
| Cyhoeddwyd: |
Cần Thơ
Nxb. Đại học Cần Thơ
2016
|
| Pynciau: | |
| Tagiau: |
Ychwanegu Tag
Dim Tagiau, Byddwch y cyntaf i dagio'r cofnod hwn!
|
| Thư viện lưu trữ: | Trung tâm Học liệu Trường Đại học Cần Thơ |
|---|
| LEADER | 00902nam a2200217Ia 4500 | ||
|---|---|---|---|
| 001 | CTU_229711 | ||
| 008 | 210402s9999 xx 000 0 und d | ||
| 020 | |c 40000 | ||
| 082 | |a 959.793 | ||
| 082 | |b S561/T.4 | ||
| 100 | |a Nguyễn, Sương | ||
| 245 | 0 | |a Chuyện làng cổ | |
| 245 | 0 | |c Nguyễn Sương | |
| 260 | |a Cần Thơ | ||
| 260 | |b Nxb. Đại học Cần Thơ | ||
| 260 | |c 2016 | ||
| 520 | |a Giới thiệu khái quát về truyền thống văn thơ ở làng cổ Bình Thủy - Long Tuyền - Cần Thơ. Quá trình ra đời và hoạt động của Hưng cổ Văn Đoàn Tây Đô. Một số sáng tác của các nhà thơ tiêu biểu trong hội | ||
| 650 | |a Lịch sử,History | ||
| 650 | |z Việt Nam,Vietnam | ||
| 910 | |b nthai | ||
| 980 | |a Trung tâm Học liệu Trường Đại học Cần Thơ | ||